Thinking bout you (Ariana Grande) - lyrics - Statistics

General Stats
  • This quiz has been taken 34 times
  • The average score is 253 of 288
Answer Stats
Answer % Correct
Yeah
100%
been
96%
bout
96%
I've
96%
I
96%
I've
96%
Oh
96%
the
96%
thinkin'
96%
you
96%
you?
96%
are
91%
at
91%
But
91%
have
91%
hell
91%
I'm
91%
least
91%
me
91%
memory
91%
missing
91%
need
91%
when
91%
your
91%
dont
87%
got
87%
Got
87%
here
87%
mind
87%
my
87%
no
87%
so
87%
So
87%
still
87%
voice
87%
Where
87%
with
87%
with,
87%
aint
83%
Aint
83%
and
83%
And
83%
Baby
83%
cant
83%
Cause
83%
cause
83%
choice
83%
control
83%
hurry
83%
in
83%
just
83%
make
83%
night
83%
to
83%
try
83%
wait
83%
else
78%
it
78%
love
78%
one,
78%
one
78%
some,
78%
some
78%
through
78%
want
78%
all
74%
alone
74%
eyes
74%
forget
74%
get
74%
good
74%
rolling
74%
waiting
74%
way
74%
wish
74%
back
70%
come
70%
head
70%
help
70%
home
70%
that
70%
up
70%
breath
65%
Had
65%
know
65%
losing
65%
patient,
65%
patiently
65%
did
61%
Nobody
61%
these
61%
would
61%
Now
57%
thoughts
57%
arching
52%
could
52%
til
52%
No matching quizzes found
Score Distribution
Percent of People with Each Score
Percentile by Number Answered
Your Score History
You have not taken this quiz